000
002660000a22000970004500
100
1
_a
Hill, Jo
245
1
0
_a
Diamonds on the inside : India's least likely women are reforming community healthcare
300
_a
(2004), Páginas 4-9
773
0
_t
Teartimes
942
_c
ANA
999
_c
56070
_d
56070